000 00450nam a2200169 4500
003 OSt
008 240508b |||||||| |||| 00| 0 eng d
020 _a9789359308418
082 _a658.8 KOE
100 _aKOTLER, Philip
245 _aEssentials of Modern Marketing
260 _aNoida
_bVikas Publishing
_c2024
300 _a391
650 _aBBA
700 _aAMIGO, Raul, KIBRIA, Sadia, BROWNE Sean Crichton & MUKHRJEE,Tuhin
942 _2ddc
_cBK
999 _c12669
_d12669